000 01127nkm a2200253 i 4500
001 4118
003 ES-MaACL
005 20250713062926.0
007 khrbo
008 070627s1987 sp --- g |001||spa d
100 0 _aAlfonso,
_d1902-1990
_919858
245 1 0 _aDiscurso inaugural del año académico 1987-1988 del Ateneo de Madrid. "El Ateneo y las Américas" [
_hFotografía] /
_cAlfonso.
260 _a[S.l. :
_bs.n.],
_c1987.
300 _a2 fot. :
_bb. y n. ;
_c12 x 18 cm.
500 _aDatos basados en invitación.
511 0 _aInterviene: José Prat; aparecen en la foto Fernando Chueca Goitia y César Navarro de Francisco.
518 _aActo organizado por el Ateneo de Madrid, celebrado en el salón de actos el viernes, 16 de octubre de 1987, a las 19:30 h.
600 1 4 _aPrat, José,
_d1905-1994
_993665
610 2 4 _aAteneo de Madrid-
_xActos culturales-
_y1987-
_vFotografías.
_91902
710 2 _aAteneo de Madrid.
_91875
852 _aES-MaACL
_jFOT 183/1987
856 4 _uhttp://www.ateneodemadrid.net/biblioteca_digital/imagenes/1987/0183-1987.jpg
_zVer imagen
999 _c4118
_d4118